Ferrari... or Lamborghini? - Statistics

General Stats
  • This quiz has been taken 1,833 times
  • The average score is 14 of 15
Answer Stats
Question Answer % Correct
Aventador Lamborghini
98%
Huracán Lamborghini
98%
Berlinetta Ferrari
97%
F12TDF Ferrari
96%
Enzo Ferrari
96%
Countach Lamborghini
94%
Testarossa Ferrari
93%
250 GTO Ferrari
91%
California Ferrari
90%
Veneno Lamborghini
90%
Reventón Lamborghini
90%
Diablo Lamborghini
90%
Centenario Lamborghini
88%
Dino Ferrari
85%
Jalpa Lamborghini
73%
No matching quizzes found
Score Distribution
Percent of People with Each Score
Percentile by Number Answered
Your Score History
You have not taken this quiz